Statistics for Bundesliga Top Scorers

Click here to take the quiz!

General Stats

  • This quiz has been taken 397 times
    (31 since last reset)
  • The average score is 29 of 67

Answer Stats

Hint Goals Club Answer % Correct
2013-1420Borussia DortmundRobert Lewandowski
100%
28Bayern MunichGerd Müller
93%
1976-77341. FC KölnDieter Müller
90%
2016-1731Borussia DortmundPierre-Emerick Aubameyang
83%
2010-1128Bayern MunichMario Gomez
79%
2005-0625SV Werder BremenMiroslav Klose
72%
2011-1229FC Schalke 04Klaas-Jan Huntelaar
62%
2009-1022VfL WolfsburgEdin Dzeko
59%
2008-0928VfL WolfsburgGrafite
59%
21Bayern MunichGiovanne Élber
59%
1987-8819VfB StuttgartJürgen Klinsmann
55%
1979-8026Bayern MunichKarl-Heinz Rummenigge
55%
2014-1519Eintracht FrankfurtAlexander Meier
48%
1963-6430Hamburger SVUwe Seeler
48%
1982-8323SV Werder BremenRudi Völler
45%
2012-1325Bayer 04 LeverkusenStefan Kießling
45%
2007-0824Bayern MunichLuca Toni
45%
2003-0429SV Werder BremenAílton
38%
2004-05241. FC NürnbergMarek Mintál
28%
2006-0720VfL BochumTheofanis Gekas
28%
1978-7922Fortuna DüsseldorfKlaus Allofs
24%
22FC Schalke 04Ebbe Sand
24%
1999-00191860 MunichMartin Max
24%
2001-0218Borussia DortmundMárcio Amoroso
24%
1988-89171. FC KölnThomas Allofs
24%
30Borussia MönchengladbachJupp Heynckes
24%
20Eintracht FrankfurtAnthony Yeboah
21%
1992-9320Bayer 04 LeverkusenUlf Kirsten
21%
1991-9222VfB StuttgartFritz Walter
21%
1981-8227Hamburger SVHorst Hrubesch
17%
1975-7629FC Schalke 04Klaus Fischer
17%
2002-0321VfL BochumThomas Christiansen
17%
1965-6631Borussia DortmundLothar Emmerich
17%
1995-9617VfB StuttgartFredi Bobic
17%
1986-8724Borussia MönchengladbachUwe Rahn
14%
2000-0122Hamburger SVSergej Barbarez
14%
1998-9923Hertha BSCMichael Preetz
14%
1989-9018Eintracht FrankfurtJørn Andersen
14%
1985-8622VfL BochumStefan Kuntz
7%
20Borussia MönchengladbachHeiko Herrlich
7%
1964-65241860 MunichRudolf Brunnenmeier
7%
1970-7124Rot-Weiß OberhausenLothar Kobluhn
7%
17Bayern MunichRoland Wohlfarth
7%
1994-9520SV Werder BremenMario Basler
7%
1967-68271. FC KölnHannes Löhr
3%

Score Distribution

Percentile by Number Answered

Percent of People with Each Score

Your Score History

You have not taken this quiz since the last reset